000 00390nam a2200097Ia 4500
008 180130s9999 xx 000 0 und d
245 _cNaidu, Suwastika; Pathak, R.D.; Chand, Anand
_aHuman resource management in the Fiji Islands
260 _c2014
300 _aBook title: Managing human resources in Asia-Pacific--Acession number C18630; pages 242-260
650 _aPERSONNEL MANAGEMENT--ASIA
999 _c353821
_d353821